|
|
|
|
| LEADER |
01129nam a2200253 i 4500 |
| 001 |
IT\ICCU\BVE\0518242 |
| 003 |
GR-PaULI |
| 005 |
20240718063321.0 |
| 008 |
180611t19721963fr ||||g| ||||| |fre|d |
| 020 |
|
|
|a 2851811479 (τ.1)
|
| 040 |
|
|
|b gre
|a GR-PaULI
|c GR-PaULI
|e AACR2
|
| 082 |
0 |
4 |
|a 832.912
|2 23
|
| 100 |
1 |
|
|a Brecht, Bertolt,
|d 1898-1956
|e συγγραφέας
|9 5385
|
| 245 |
1 |
0 |
|a Ecrits sur le theatre /
|c Bertolt Brecht.
|
| 260 |
|
|
|a Paris :
|b l'Arche,
|c c1963.
|
| 300 |
|
|
|a 2 τ. ;
|c 20 εκ.
|
| 500 |
|
|
|a Περιλαμβάνει ευρετήριο.
|
| 650 |
|
4 |
|a Θέατρο, Γερμανικό
|9 103319
|y 20ός αιώνας
|
| 650 |
|
0 |
|a Θέατρο
|x Κριτικές.
|9 1375
|
| 942 |
|
|
|2 ddc
|c BK15
|
| 952 |
|
|
|0 0
|1 0
|2 ddc
|3 τ.1
|4 0
|6 832_912000000000000_BRE
|7 0
|9 222984
|a THST
|b THST
|d 2018-06-11
|i 005031
|l 0
|o 832.912 BRE
|p 025000013470
|r 2018-06-11 00:00:00
|t 1
|v 2018.00
|w 2018-06-11
|y BK15
|
| 952 |
|
|
|0 0
|1 0
|2 ddc
|3 τ.2
|4 0
|6 832_912000000000000_BRE
|7 0
|9 222985
|a THST
|b THST
|d 2018-06-11
|i 005032
|l 0
|o 832.912 BRE
|p 025000013471
|r 2018-06-11 00:00:00
|t 1
|v 2018.00
|w 2018-06-11
|y BK15
|
| 998 |
|
|
|c ΜΑΝΙΑ
|d 2018-06
|
| 999 |
|
|
|c 134766
|d 134766
|